000 01630nam a2200373 a 4500
001 ebr10423319
003 CaPaEBR
006 m u
007 cr cn|||||||||
008 090720s2009 inuab sb 001 0 eng
010 _z 2009027701
020 _z9780268022136 (pbk. : alk. paper)
020 _z0268022135 (pbk. : alk. paper)
040 _aCaPaEBR
_cCaPaEBR
035 _a(OCoLC)694144476
043 _acl-----
050 1 4 _aHV6018
_b.C727 2009eb
082 0 4 _a364.98
_222
245 0 0 _aCriminality, public security, and the challenge to democracy in Latin America
_h[electronic resource] /
_cedited by Marcelo Bergman and Laurence Whitehead.
260 _aNotre Dame, Ind. :
_bUniversity of Notre Dame Press,
_cc2009.
300 _axiv, 344 p. :
_bill., maps.
490 0 _aFrom the Helen Kellogg Institute for International Studies
500 _a"Recent titles from the Helen Kellogg Institute for International Studies"--P. facing t.p.
504 _aIncludes bibliographical references and index.
533 _aElectronic reproduction.
_bPalo Alto, Calif. :
_cebrary,
_d2013.
_nAvailable via World Wide Web.
_nAccess may be limited to ebrary affiliated libraries.
650 0 _aCriminal statistics
_zLatin America.
650 0 _aDemocracy
_zLatin America.
655 7 _aElectronic books.
_2local
700 1 _aBergman, Marcelo.
700 1 _aWhitehead, Laurence.
710 2 _aHelen Kellogg Institute for International Studies.
710 2 _aebrary, Inc.
856 4 0 _uhttp://site.ebrary.com/lib/rucke/Doc?id=10423319
_zAn electronic book accessible through the World Wide Web; click to view
999 _c141688
_d141688